00636nam a2200205 a 4500008004100000020002200041100002200063245007400085260004100159300005800200504004100258500002000299650001300319700002700332700001900359700002500378003000100403005001700404040000900421  a1899066217 (hbk.) aMundy, Anthony R.00aScientific basis of urology /cedited by Anthony R. Mundy... [et al.] aOxford :bIsis Medical Media,c1999. aviii, 531 p. :bill. (some col.), col. port ;c29 cm. aIncludes bibliographical references. aIncludes index. 2aUrology. aGeorge, Nicholas J. R. aNeal, David E. aFitzpatrick, John M.20230120203838.0 cNUST